Las Reservas Naturales de la Sociedad Civil y los Sistemas Nacionales, Regionales y Locales de Áreas Progegidas (Registro nro. 5885)
[ vista simple ]
| 000 -CABECERA | |
|---|---|
| Campo de control | 01112nam a2200181 a 4500 |
| 090 ## - CLASIFICACIÓN LOCAL | |
| Colección | IAVH |
| Consecutivo | 00678 |
| 041 ## - IDIOMA | |
| Código de idioma para texto/pista de sonido o título separado | Español |
| 100 ## - ASIENTO PRINCIPAL--NOMBRE PERSONAL | |
| Nombre personal | Jiménez, Arturo |
| 110 ## - ASIENTO PRINCIPAL--NOMBRE CORPORATIVO | |
| Unidad subordinad | Asociación Red Colombiana de Reservas Naturales de la Sociedad Civil |
| 245 ## - MENCION DE TITULO | |
| Título | Las Reservas Naturales de la Sociedad Civil y los Sistemas Nacionales, Regionales y Locales de Áreas Progegidas |
| 260 ## - PUBLICACION, DISTRIBUCION, ETC. (PIE DE IMPRENTA) | |
| Lugar de publicación, distribución, etc. | Bogotá |
| Nombre del editor, distribuidor, etc. | Instituto Alexander von Humboldt |
| Fecha de publicación, distribución, etc. | 2003 |
| 300 ## - DESCRIPCION FISICA | |
| Extensión | 167 p. |
| 520 ## - NOTA DE RESUMEN, ETC. | |
| Nota de resumen | En este documento se busca presentar de manera sintética la experiencia de la RED y sus reservas asociadas en la construcción de dichos sistemas de áreas protegidas, exponiendo algunos criterios sobre el papel de las reservas naturales de la sociedad civil como parte de los sistemas de áreas protegidas, los aportes realizados hasta el momento, las oportunidades, dificultades y retos encontrados en la constucción y articulación de estos sistemas. |
| 650 ## - ASIENTO SECUNDARIO DE MATERIA - TERMINO TEMATICO | |
| Término temático o nombre geográfico como elemento de entrada | Conservación |
| 650 ## - ASIENTO SECUNDARIO DE MATERIA - TERMINO TEMATICO | |
| Término temático o nombre geográfico como elemento de entrada | Biodiversidad |
| 650 ## - ASIENTO SECUNDARIO DE MATERIA - TERMINO TEMATICO | |
| Término temático o nombre geográfico como elemento de entrada | Sistemas de áreas protegidas |
| 650 ## - ASIENTO SECUNDARIO DE MATERIA - TERMINO TEMATICO | |
| Término temático o nombre geográfico como elemento de entrada | Reservas naturales de la sociedad civil |
No hay ítems disponibles.